000 00722nam a2200253Ia 4500
003 OSt
005 20220928101602.0
006 a|||||r|||| 00| 0
007 ta
008 220927b |||||||| |||| 00| 0 hin d
020 _c350
024 _a120045
037 _b02247, 06/11/2013, Kitabghar Parkashan
_cTextual
040 _aSDCL
_cSDCL
_bhin
041 _2hin
_ahin
082 _a0152,2N35, Q3
100 _aMohan Narendra
_9392070
245 0 _aKambakht nindar
260 _aDelhi
_bKitabghar Prakshan
_c2013
300 _a1;198p
_ccm.
650 _aHindi
_9391598
942 _h0152,2N35, Q3
_cTEXL
_2CC
999 _c707899
_d707899